000
00209nam a22000977a 4500
082
_a
923.5 KAU'U
100
_a
KAUL, B. M.
_9
46423
245
_a
THE UNTOLD STORY
260
_a
BOMBAY
_b
ALLIED
_c
1967
942
_c
BK
999
_c
584271
_d
584271